Robbie Williams - Sudden Death - Statistics

General Stats
  • This quiz has been taken 69 times
  • The average score is 9 of 20
Answers on the Grid
Answers color-coded by a green-red scale on the quiz's grid according to % correct below.
Angels
Beautiful Day
Better Day
Breathless
Candy
Clementine
Come Tomorrow
Dancing In The Moonlight
Eternity
Fastlove
Feel
Forever Love
Freedom
Gangster Tripping
Greatest Day
It's Only Us
Kids
Lazy Sunday
Let Love Be Your Energy
Let Me Entertain You
Life Is a Rollercoaster
Millennium
Misunderstanding
No Regrets
Northern Star
Old Before I Die
Pick a Part That's New
Radio
Rock DJ
Rudebox
Sex Bomb
She's Electric
She's the One
Shining Light
Somethin' Stupid
Something Inside So Strong
South of the Border
Strong
Supreme
You Know My Name
 
Answer Stats
Answer % Correct
Angels
98%
Candy
82%
Rock DJ
75%
Let Me Entertain You
73%
Feel
69%
She's the One
67%
Supreme
53%
Kids
51%
Somethin' Stupid
51%
Millennium
49%
Eternity
35%
Rudebox
35%
Strong
33%
No Regrets
31%
Old Before I Die
27%
Let Love Be Your Energy
25%
Freedom
22%
Radio
20%
South of the Border
16%
It's Only Us
14%
No matching quizzes found
Score Distribution
Percent of People with Each Score
Percentile by Number Answered
Your Score History
You have not taken this quiz